[Event "Korcsoportos Bajnokság u10f"]
[Site "Balatonlelle"]
[Date "2015.06.21"]
[Round "4.6"]
[White "Kovacs, Patrik Zsolt"]
[Black "Juhasz, Agoston"]
[Result "0-1"]
[WhiteElo "1520"]
[BlackElo "1290"]
[PlyCount "162"]
[EventDate "2015.06.18"]
[EventType "swiss"]
[EventRounds "9"]
[EventCountry "HUN"]
[WhiteClock "0:36:59"]
[BlackClock "0:58:13"]

1. d4 d5 2. c4 e6 3. e3 Nf6 4. Nc3 Be7 5. Nf3 O-O 6. cxd5 exd5 7. Bd3 Bg4 8.
O-O c6 9. Bd2 Re8 10. h3 Bh5 11. Be2 Nbd7 12. Rc1 Bb4 13. Qb3 Bxc3 14. Bxc3 Qb6
15. Qxb6 axb6 16. a3 Ne4 17. Rfe1 f5 18. Nd2 Bxe2 19. Rxe2 Ndf6 20. Nf3 Re6 21.
Ne5 Rd8 22. f3 Nd6 23. Bb4 Nf7 24. Nxf7 Kxf7 25. Kf2 Rde8 26. Rc3 Nd7 27. Rb3
b5 28. g3 g5 29. f4 gxf4 30. gxf4 Nf6 31. Kf3 Ne4 32. Be1 Rg8 33. a4 Nd6 34.
Ra3 Rge8 35. axb5 Nxb5 36. Rd3 Nd6 37. Rb3 R8e7 38. Bb4 Rd7 39. Bxd6 Rexd6 40.
Ra3 Rh6 41. Kg3 Ke6 42. Rb3 Kd6 43. Kh2 Re6 44. Kg3 Rg7+ 45. Kh2 h5 46. Rg2
Rxg2+ 47. Kxg2 h4 48. Kf3 Kc7 49. Rc3 Rg6 50. Kf2 Rg3 51. b3 Rxh3 52. Kg2 Rg3+
53. Kf2 Kb6 54. Rc1 Kb5 55. Rh1 Rg4 56. Rd1 Kb4 57. Rh1 b6 58. Rc1 c5 59. dxc5
bxc5 60. Kf3 Kb5 61. Rb1 h3 62. Rh1 Rh4 63. Kg3 Rh8 64. Kh2 c4 65. bxc4+ dxc4
66. Rb1+ Ka4 67. Rb2 c3 68. Ra2+ Kb3 69. Ra7 Rc8 70. Kxh3 c2 71. Rb7+ Ka2 72.
Ra7+ Kb1 73. Rb7+ Kc1 74. Rd7 Rb8 75. Kh4 Kb1 76. Rc7 c1=Q 77. Rxc1+ Kxc1 78.
Kg5 Rb5 79. Kg6 Kd2 80. e4 fxe4 81. f5 Rxf5 0-1

[Event "Korcsoportos Bajnokság u10f"]
[Site "Balatonlelle"]
[Date "2015.06.21"]
[Round "5.1"]
[White "Gombocz, Ferenc Jr"]
[Black "Borhy, Marcell"]
[Result "0-1"]
[WhiteElo "1725"]
[BlackElo "1802"]
[PlyCount "78"]
[EventDate "2015.06.18"]
[EventType "swiss"]
[EventRounds "9"]
[EventCountry "HUN"]
[WhiteClock "0:42:42"]
[BlackClock "1:00:31"]

1. d4 d5 2. Nf3 Nf6 3. e3 c6 4. c4 e6 5. Nc3 Nbd7 6. Bd2 Bd6 7. c5 Bc7 8. Bd3
e5 9. Ng1 Qe7 10. Nge2 exd4 11. exd4 Ne4 12. Bxe4 dxe4 13. Qc2 f5 14. b4 Nf6
15. Bg5 Be6 16. Qa4 O-O 17. O-O a6 18. Qc2 Rad8 19. Rad1 h6 20. Bf4 Nd5 21.
Nxd5 Bxd5 22. Bxc7 Qxc7 23. Rfe1 Rde8 24. Rc1 Rf6 25. Nc3 Rfe6 26. Nxd5 cxd5
27. Qd2 f4 28. Rc3 Qf7 29. a4 f3 30. g3 Qf5 31. Kh1 Qh3 32. Rg1 Rf8 33. Qe1 Rf5
34. Qf1 Qg4 35. h3 Rh5 36. Kh2 Rg6 37. b5 Rgg5 38. h4 Rxh4+ 39. gxh4 Qxh4+ 0-1

[Event "Korcsoportos Bajnokság u10f"]
[Site "Balatonlelle"]
[Date "2015.06.21"]
[Round "5.2"]
[White "Csiki, Endre"]
[Black "Jaro, Benjamin"]
[Result "1-0"]
[WhiteElo "1766"]
[BlackElo "1756"]
[PlyCount "51"]
[EventDate "2015.06.18"]
[EventType "swiss"]
[EventRounds "9"]
[EventCountry "HUN"]
[WhiteClock "0:38:52"]
[BlackClock "0:05:36"]

1. e4 e5 2. Bc4 Nf6 3. d3 Nc6 4. Nc3 Na5 5. Bb3 c6 6. f4 d6 7. Nf3 Qc7 8. O-O
Nxb3 9. axb3 Be7 10. Bd2 Bd7 11. Qe2 O-O 12. Kh1 Rfe8 13. f5 h6 14. Rg1 Bf8 15.
g4 Nh7 16. g5 hxg5 17. Nxg5 Nf6 18. Rg3 d5 19. Qf2 dxe4 20. Ncxe4 Be7 21. Rh3
Ng4 22. Qf3 Nh6 23. Rg1 Nxf5 24. Qh5 Nh6 25. Nxf7 Nf5 26. Qg6 1-0

[Event "Korcsoportos Bajnokság u10f"]
[Site "Balatonlelle"]
[Date "2015.06.21"]
[Round "5.3"]
[White "Kocsis, Peter"]
[Black "Kozsik, Bende Barnabas"]
[Result "0-1"]
[WhiteElo "1400"]
[BlackElo "1639"]
[PlyCount "40"]
[EventDate "2015.06.18"]
[EventType "swiss"]
[EventRounds "9"]
[EventCountry "HUN"]
[WhiteClock "1:17:32"]
[BlackClock "1:25:16"]

1. c4 e5 2. Nc3 Nc6 3. Nf3 Nf6 4. g3 d5 5. cxd5 Nxd5 6. d3 Bc5 7. Bg2 Be6 8.
Bd2 Qd7 9. Ng5 O-O-O 10. Nxe6 fxe6 11. O-O Rdf8 12. a3 h5 13. b4 Bb6 14. h4 g5
15. Bxd5 exd5 16. Bxg5 Qh3 17. Nxd5 Qxg3+ 18. Kh1 Bxf2 19. Rxf2 Rxf2 20. Qg1
Qh3+ 0-1

[Event "Korcsoportos Bajnokság u10f"]
[Site "Balatonlelle"]
[Date "2015.06.21"]
[Round "5.5"]
[White "Juhasz, Agoston"]
[Black "Lauber, Kolos"]
[Result "0-1"]
[WhiteElo "1290"]
[BlackElo "1472"]
[PlyCount "136"]
[EventDate "2015.06.18"]
[EventType "swiss"]
[EventRounds "9"]
[EventCountry "HUN"]
[WhiteClock "0:42:28"]
[BlackClock "1:34:24"]

1. e4 c5 2. Nf3 Nc6 3. c3 d6 4. d4 cxd4 5. cxd4 Bg4 6. Be2 Nf6 7. Nc3 g6 8. h3
Bxf3 9. Bxf3 Bg7 10. O-O O-O 11. Be3 Nd7 12. Qd2 Nb6 13. b3 Rc8 14. Rac1 e6 15.
Rfd1 Kh8 16. Bh6 e5 17. Bxg7+ Kxg7 18. dxe5 dxe5 19. Bg4 Qxd2 20. Rxd2 f5 21.
exf5 gxf5 22. Be2 Nd4 23. f4 Nd5 24. Rd3 Nxf4 25. Rg3+ Kf6 26. Bc4 Rxc4 27.
bxc4 Nde2+ 28. Nxe2 Nxe2+ 29. Kf2 Nxc1 30. a4 Rc8 31. Rc3 Na2 32. Rc2 Nb4 33.
Rc3 Nd5 34. Rb3 Rxc4 35. Rxb7 Rxa4 36. Rxh7 Ra2+ 37. Kg3 f4+ 38. Kf3 Ne3 39. g4
fxg3 40. Kxg3 Nf5+ 41. Kf3 Nd4+ 42. Ke4 Re2+ 43. Kd3 Rh2 44. Rxa7 Rxh3+ 45. Ke4
Ne6 46. Ra5 Rh4+ 47. Ke3 Kf5 48. Ra1 Rh3+ 49. Ke2 Ke4 50. Kf2 Kf4 51. Kg2 Rd3
52. Rf1+ Ke4 53. Re1+ Re3 54. Ra1 Nd4 55. Ra4 Rd3 56. Ra1 Rd2+ 57. Kg3 Ke3 58.
Re1+ Re2 59. Ra1 Rd2 60. Re1+ Ne2+ 61. Kg2 e4 62. Kh2 Kf2 63. Ra1 e3 64. Ra8
Nf4 65. Ra3 e2 66. Rc3 Nd3 67. Ra3 e1=Q 68. Rxd3 Qg1+ 0-1

[Event "Korcsoportos Bajnokság u10f"]
[Site "Balatonlelle"]
[Date "2015.06.21"]
[Round "5.6"]
[White "Szoboszlai, Csongor"]
[Black "Pervai, Laszlo"]
[Result "1-0"]
[WhiteElo "1200"]
[BlackElo "1431"]
[PlyCount "81"]
[EventDate "2015.06.18"]
[EventType "swiss"]
[EventRounds "9"]
[EventCountry "HUN"]
[WhiteClock "1:52:25"]
[BlackClock "1:32:02"]

1. c4 e5 2. Nc3 Nf6 3. g3 Bc5 4. Bg2 Nc6 5. e3 Qe7 6. Nge2 e4 7. Nf4 Nb4 8. a3
Nd3+ 9. Nxd3 exd3 10. b4 Bd6 11. Qb3 O-O 12. Nd5 Nxd5 13. Bxd5 c6 14. Bg2 Be5
15. Ra2 Qd6 16. Be4 Qe6 17. Bxd3 b5 18. Bb2 f6 19. Bxe5 fxe5 20. Qc3 Qf6 21.
cxb5 Qxf2+ 22. Kd1 Qf3+ 23. Kc2 Qxh1 24. Ra1 Qd5 25. Bc4 Qxc4 26. Qxc4+ d5 27.
Qxc6 Bf5+ 28. Kb3 Rfd8 29. Rf1 Rac8 30. Rxf5 Rxc6 31. bxc6 Re8 32. b5 g6 33.
Rf2 Kg7 34. Kb4 d4 35. e4 Rb8 36. d3 h6 37. Kc5 h5 38. a4 Rc8 39. a5 Rb8 40. b6
axb6+ 41. axb6 1-0

[Event "Korcsoportos Bajnokság u10f"]
[Site "Balatonlelle"]
[Date "2015.06.22"]
[Round "6.1"]
[White "Borhy, Marcell"]
[Black "Szoboszlai, Csongor"]
[Result "1-0"]
[WhiteElo "1802"]
[BlackElo "1200"]
[PlyCount "55"]
[EventDate "2015.06.18"]
[EventType "swiss"]
[EventRounds "9"]
[EventCountry "HUN"]
[WhiteClock "1:20:57"]
[BlackClock "1:20:39"]

1. d4 d5 2. c4 c6 3. cxd5 cxd5 4. Nc3 Nc6 5. Bf4 a6 6. e3 Bf5 7. Be2 Nb4 8. Rc1
e6 9. Qa4+ Nc6 10. Nf3 Nf6 11. Ne5 Rc8 12. O-O Bd6 13. Nxc6 Rxc6 14. Nxd5 b5
15. Nxf6+ Qxf6 16. Bxb5 axb5 17. Qa8+ Ke7 18. Qxc6 Bxf4 19. exf4 Rd8 20. Qxb5
Be4 21. Rc7+ Kf8 22. Qc5+ Kg8 23. Rc8 h6 24. Rxd8+ Qxd8 25. b4 Qh4 26. Qc3 Qxf4
27. Qe3 Qg4 28. f3 1-0

[Event "Korcsoportos Bajnokság u10f"]
[Site "Balatonlelle"]
[Date "2015.06.22"]
[Round "6.2"]
[White "Lauber, Kolos"]
[Black "Csiki, Endre"]
[Result "0-1"]
[WhiteElo "1472"]
[BlackElo "1766"]
[PlyCount "94"]
[EventDate "2015.06.18"]
[EventType "swiss"]
[EventRounds "9"]
[EventCountry "HUN"]
[WhiteClock "1:19:52"]
[BlackClock "1:00:18"]

1. e4 c5 2. Nf3 e6 3. d4 cxd4 4. Nxd4 Nc6 5. Nc3 a6 6. g3 Qc7 7. Bg2 Bc5 8. Be3
Ba7 9. O-O Nge7 10. Qd2 O-O 11. Nb3 Bxe3 12. Qxe3 Rb8 13. a3 b5 14. Qc5 d6 15.
Qe3 Bb7 16. Rad1 Rfd8 17. Kh1 Ne5 18. Nd2 Nc4 19. Nxc4 bxc4 20. Rb1 Ba8 21. f4
Nc6 22. Ne2 Rbc8 23. b3 cxb3 24. cxb3 Qe7 25. b4 Na7 26. Nd4 Rc7 27. Rbc1 Rdc8
28. Rxc7 Rxc7 29. Rc1 Nb5 30. Nxb5 axb5 31. Rxc7 Qxc7 32. Kg1 h6 33. Bf1 Qc6
34. Bg2 f5 35. Qb3 Kf7 36. Bh3 Qxe4 37. Qc3 Qh1+ 38. Kf2 Qxh2+ 39. Ke1 Qxh3 40.
Qc7+ Kg6 41. Qxd6 Qh1+ 42. Kf2 Qf3+ 43. Ke1 Qxg3+ 44. Ke2 Bf3+ 45. Kd2 Qf2+ 46.
Kc3 Qe2 47. Qe7 Kh7 0-1

[Event "Korcsoportos Bajnokság u10f"]
[Site "Balatonlelle"]
[Date "2015.06.22"]
[Round "6.3"]
[White "Kozsik, Bende Barnabas"]
[Black "Gombocz, Ferenc Jr"]
[Result "1-0"]
[WhiteElo "1639"]
[BlackElo "1725"]
[PlyCount "33"]
[EventDate "2015.06.18"]
[EventType "swiss"]
[EventRounds "9"]
[EventCountry "HUN"]
[WhiteClock "1:15:54"]
[BlackClock "0:39:58"]

1. e4 e5 2. Nc3 Nf6 3. f4 d5 4. fxe5 Nxe4 5. Qf3 f5 6. Nh3 Nc6 7. Bb5 Nxc3 8.
dxc3 Bc5 9. Bg5 Be7 10. Bxe7 Kxe7 11. O-O-O Nxe5 12. Rhe1 Ke6 13. Rxd5 Qh4 14.
Rexe5+ Kf6 15. Rxf5+ Ke7 16. Rfe5+ Be6 17. Rxe6+ 1-0

[Event "Korcsoportos Bajnokság u10f"]
[Site "Balatonlelle"]
[Date "2015.06.22"]
[Round "6.5"]
[White "Karacsonyi, Kata"]
[Black "Pasztor, Balazs"]
[Result "0-1"]
[WhiteElo "1468"]
[BlackElo "1479"]
[PlyCount "86"]
[EventDate "2015.06.18"]
[EventType "swiss"]
[EventRounds "9"]
[EventCountry "HUN"]
[WhiteClock "0:32:01"]
[BlackClock "0:36:00"]

1. e4 e5 2. Nf3 Nc6 3. Bb5 a6 4. Bxc6 dxc6 5. O-O Qf6 6. d4 exd4 7. Nxd4 Bd7 8.
Nf3 O-O-O 9. Bg5 Qxb2 10. Nc3 f6 11. Bd2 Qa3 12. Rb1 Qc5 13. Qc1 Qa7 14. Qb2 b6
15. Be3 c5 16. Nd5 Ne7 17. Nc3 h5 18. e5 Bc6 19. Ne1 h4 20. Nd3 Qb7 21. Qb3 Nd5
22. Nxd5 Bxd5 23. Qc3 Bxg2 24. Rfc1 h3 25. Bxc5 Rxd3 26. Qxd3 Bxc5 27. Rd1 Qf3
28. Qxa6+ Kb8 29. Rd2 fxe5 30. Qc4 Qf4 31. Qxf4 exf4 32. Rd7 Re8 33. Rf7 f3 34.
Rf5 Ka7 35. Rxc5 bxc5 36. c3 g5 37. Rc1 g4 38. Rb1 Re6 39. a4 Ka6 40. c4 Ka7
41. a5 Ka6 42. Rb6+ cxb6 43. axb6 Re1# 0-1

[Event "Korcsoportos Bajnokság u10f"]
[Site "Balatonlelle"]
[Date "2015.06.22"]
[Round "6.6"]
[White "Jaro, Benjamin"]
[Black "Juhasz, Agoston"]
[Result "0-1"]
[WhiteElo "1756"]
[BlackElo "1290"]
[PlyCount "56"]
[EventDate "2015.06.18"]
[EventType "swiss"]
[EventRounds "9"]
[EventCountry "HUN"]
[WhiteClock "0:40:38"]
[BlackClock "0:47:48"]

1. c4 e6 2. g3 d5 3. Bg2 Nf6 4. Nf3 Be7 5. O-O dxc4 6. Qa4+ c6 7. Qxc4 b5 8.
Qc2 Bb7 9. d4 O-O 10. Nc3 Nbd7 11. Bf4 a6 12. e4 c5 13. Rfd1 Qb6 14. dxc5 Bxc5
15. Rd2 Rfd8 16. Rad1 Rac8 17. Qb1 h6 18. Bd6 Ne8 19. Bxc5 Nxc5 20. e5 Rxd2 21.
Rxd2 Nc7 22. Rd6 Qa7 23. Qd1 Nd5 24. Nxd5 Bxd5 25. a3 Ne4 26. Nd4 Nxd6 27. exd6
Qb7 28. Bxd5 Qxd5 0-1

[Event "Korcsoportos Bajnokság u10f"]
[Site "Balatonlelle"]
[Date "2015.06.22"]
[Round "7.1"]
[White "Borhy, Marcell"]
[Black "Kozsik, Bende Barnabas"]
[Result "1-0"]
[WhiteElo "1802"]
[BlackElo "1639"]
[PlyCount "63"]
[EventDate "2015.06.18"]
[EventType "swiss"]
[EventRounds "9"]
[EventCountry "HUN"]
[WhiteClock "0:26:51"]
[BlackClock "0:26:28"]

1. d4 Nf6 2. Nf3 g6 3. c4 Bg7 4. g3 O-O 5. Bg2 d5 6. cxd5 Nxd5 7. O-O Nb6 8.
Nc3 Nc6 9. d5 Na5 10. e4 c6 11. dxc6 Nxc6 12. Qe2 Bg4 13. Be3 Ne5 14. Rfd1 Qb8
15. Rac1 Nbc4 16. b3 Nxe3 17. Qxe3 Rc8 18. Nd5 Kf8 19. Rxc8+ Qxc8 20. Rc1 Qd8
21. Nxe5 Bxe5 22. Qg5 e6 23. Qxe5 exd5 24. exd5 f6 25. Qf4 Bf5 26. Qb4+ Qe7 27.
d6 Qe8 28. Re1 Qd7 29. Re7 Qd8 30. Bd5 Qb6 31. Rf7+ Ke8 32. Qa4+ 1-0

[Event "Korcsoportos Bajnokság u10f"]
[Site "Balatonlelle"]
[Date "2015.06.22"]
[Round "7.2"]
[White "Csiki, Endre"]
[Black "Pasztor, Balazs"]
[Result "1/2-1/2"]
[WhiteElo "1766"]
[BlackElo "1479"]
[PlyCount "44"]
[EventDate "2015.06.18"]
[EventType "swiss"]
[EventRounds "9"]
[EventCountry "HUN"]
[WhiteClock "0:26:23"]
[BlackClock "0:13:58"]

1. e4 e5 2. Bc4 Nf6 3. d3 Nc6 4. Nc3 Na5 5. Bb3 Be7 6. f4 d6 7. Nf3 Ng4 8. O-O
Nxb3 9. axb3 exf4 10. Bxf4 Nf6 11. Qe2 O-O 12. Kh1 h6 13. Rfe1 Be6 14. Rad1 c6
15. d4 Nh5 16. Bc1 Bh4 17. Rf1 Bg4 18. Qd3 f5 19. e5 d5 20. Nxh4 Qxh4 21. Rde1
f4 22. Kg1 f3 1/2-1/2

[Event "Korcsoportos Bajnokság u10f"]
[Site "Balatonlelle"]
[Date "2015.06.22"]
[Round "7.3"]
[White "Schwarczenberger, Csongor"]
[Black "Pervai, Laszlo"]
[Result "1-0"]
[WhiteElo "1552"]
[BlackElo "1431"]
[PlyCount "97"]
[EventDate "2015.06.18"]
[EventType "swiss"]
[EventRounds "9"]
[EventCountry "HUN"]
[WhiteClock "1:33:02"]
[BlackClock "1:12:50"]

1. Nf3 c5 2. c4 Nc6 3. Nc3 Nf6 4. e3 d6 5. d4 cxd4 6. exd4 Bg4 7. Be2 g6 8. h3
Bxf3 9. Bxf3 Bg7 10. Be3 O-O 11. O-O Qd7 12. Qd2 Rfc8 13. b3 e6 14. Rfd1 d5 15.
c5 Ne7 16. a4 Nf5 17. b4 Nxe3 18. fxe3 Qc7 19. b5 b6 20. c6 Ne8 21. Rac1 Nd6
22. Be2 Nf5 23. Bg4 h5 24. Bxf5 gxf5 25. Qe2 Qg3 26. Qf2 Qxf2+ 27. Kxf2 Rc7 28.
h4 Kh7 29. Ra1 a5 30. Ne2 Rg8 31. Nf4 Kh6 32. Nd3 Rcc8 33. Rac1 Rc7 34. g3 Bf6
35. Rh1 Re8 36. Kg2 e5 37. dxe5 Bxe5 38. Nxe5 Rxe5 39. Kf3 Re4 40. Rhd1 Re5 41.
Rd4 Rc8 42. c7 Kg7 43. Rc6 Re6 44. Rc3 Rd6 45. Rd1 Kg6 46. Rdc1 d4 47. Rc6 Rxc6
48. Rxc6+ f6 49. exd4 1-0

[Event "Korcsoportos Bajnokság u10f"]
[Site "Balatonlelle"]
[Date "2015.06.22"]
[Round "7.4"]
[White "Pater, Peter"]
[Black "Kovacs, Patrik Zsolt"]
[Result "0-1"]
[WhiteElo "1286"]
[BlackElo "1520"]
[PlyCount "64"]
[EventDate "2015.06.18"]
[EventType "swiss"]
[EventRounds "9"]
[EventCountry "HUN"]
[WhiteClock "0:25:40"]
[BlackClock "0:08:20"]

1. d4 d5 2. Nf3 Nf6 3. Bg5 Bf5 4. e3 e6 5. c4 Bb4+ 6. Nc3 O-O 7. Be2 Be7 8. O-O
dxc4 9. Bxc4 h6 10. Bf4 c5 11. Qb3 Qb6 12. Qxb6 axb6 13. h3 Nc6 14. Rfe1 cxd4
15. exd4 Rfd8 16. Rad1 Bb4 17. Bc7 Rdc8 18. Bxb6 Ne7 19. Bb3 Bxc3 20. bxc3 Rxc3
21. Bc5 Ned5 22. Rc1 Rxc1 23. Rxc1 Ne4 24. Ne5 Ndc3 25. g4 Ne2+ 26. Kg2 Nxc1
27. gxf5 Nxb3 28. fxe6 Nbxc5 29. exf7+ Kf8 30. dxc5 Rxa2 31. Kf3 Nxc5 32. Kf4
Rxf2+ 0-1

[Event "Korcsoportos Bajnokság u10f"]
[Site "Balatonlelle"]
[Date "2015.06.22"]
[Round "7.5"]
[White "Szoboszlai, Csongor"]
[Black "Lauber, Kolos"]
[Result "0-1"]
[WhiteElo "1200"]
[BlackElo "1472"]
[PlyCount "146"]
[EventDate "2015.06.18"]
[EventType "swiss"]
[EventRounds "9"]
[EventCountry "HUN"]
[WhiteClock "2:02:41"]
[BlackClock "1:51:54"]

1. d4 Nf6 2. c4 e6 3. Nc3 Bb4 4. Qc2 c5 5. dxc5 Bxc5 6. e3 Bb4 7. Bd2 b6 8.
O-O-O Bb7 9. f3 Nc6 10. Bd3 Qc7 11. Nb5 Bxd2+ 12. Qxd2 Qe5 13. f4 Qc5 14. Nc7+
Ke7 15. Nxa8 Rxa8 16. Be2 Rd8 17. a3 Ne4 18. b4 Nxd2 19. bxc5 Nb3+ 20. Kc2 Nxc5
21. Nh3 Ne4 22. Bd3 Nf6 23. Ng5 h6 24. Ne4 Nxe4 25. Bxe4 Nb4+ 26. axb4 Bxe4+
27. Kc3 Bxg2 28. Rhg1 Be4 29. Rxg7 Bg6 30. Rg1 Kf6 31. R7xg6+ fxg6 32. h4 h5
33. Ra1 Ra8 34. Rd1 Ke7 35. Rg1 Kf6 36. Rd1 Rd8 37. Ra1 Rc8 38. Rxa7 d5 39. Rb7
Rxc4+ 40. Kb3 Rc6 41. Ka4 Rc3 42. Rxb6 Rxe3 43. b5 Re4+ 44. Ka5 Rxf4 45. Rb8
Rxh4 46. b6 Rh1 47. b7 Ra1+ 48. Kb6 Rb1+ 49. Kc7 g5 50. Rf8+ Ke5 51. b8=Q Rxb8
52. Rxb8 h4 53. Rg8 Kf4 54. Rf8+ Kg3 55. Kd6 h3 56. Kxe6 h2 57. Rf1 Kg2 58. Rd1
d4 59. Rd2+ Kg3 60. Rd3+ Kf4 61. Rxd4+ Ke3 62. Rd1 g4 63. Ra1 g3 64. Ra3+ Kf2
65. Ra2+ Kf3 66. Ra3+ Kg4 67. Ra4+ Kh3 68. Ra1 g2 69. Ra3+ Kg4 70. Ra4+ Kg5 71.
Ra5+ Kf4 72. Ra4+ Ke3 73. Ra3+ Kd4 0-1

[Event "Korcsoportos Bajnokság u10f"]
[Site "Balatonlelle"]
[Date "2015.06.23"]
[Round "8.1"]
[White "Kovacs, Patrik Zsolt"]
[Black "Borhy, Marcell"]
[Result "0-1"]
[WhiteElo "1520"]
[BlackElo "1802"]
[PlyCount "78"]
[EventDate "2015.06.18"]
[EventType "swiss"]
[EventRounds "9"]
[EventCountry "HUN"]
[WhiteClock "0:19:56"]
[BlackClock "0:19:05"]

1. d4 d5 2. c4 c6 3. Nc3 Nf6 4. Bg5 e6 5. Nf3 h6 6. Bf4 dxc4 7. a4 Bb4 8. Bd2
c5 9. e3 cxd4 10. Nxd4 e5 11. Nc2 Be7 12. Bxc4 Nc6 13. O-O O-O 14. e4 Bc5 15.
Be3 Nd4 16. Rc1 Ng4 17. Bxd4 exd4 18. Nb5 Qh4 19. h3 Ne5 20. Ncxd4 Nxc4 21.
Rxc4 Bb6 22. Nf3 Qf6 23. e5 Qg6 24. Qc2 Bf5 25. Qd2 Bxh3 26. Nh4 Qe6 27. Qf4 g5
28. Qg3 Qxc4 29. Qxh3 Qxh4 30. Qd7 Rad8 31. Qf5 Qf4 32. Qh3 Bxf2+ 33. Kh1 Qh4
34. Nd6 Qxh3+ 35. gxh3 Bg3 36. Nf5 Bxe5 37. Nxh6+ Kh7 38. Nxf7 Bxb2 39. Nxg5+
Kh6 0-1

[Event "Korcsoportos Bajnokság u10f"]
[Site "Balatonlelle"]
[Date "2015.06.23"]
[Round "8.3"]
[White "Pasztor, Balazs"]
[Black "Kozsik, Bende Barnabas"]
[Result "1/2-1/2"]
[WhiteElo "1479"]
[BlackElo "1639"]
[PlyCount "94"]
[EventDate "2015.06.18"]
[EventType "swiss"]
[EventRounds "9"]
[EventCountry "HUN"]
[WhiteClock "0:43:26"]
[BlackClock "0:47:41"]

1. e4 c5 2. Nf3 Nc6 3. c4 g6 4. d4 cxd4 5. Nxd4 Nf6 6. Nc3 d6 7. Be3 Bg7 8. f3
O-O 9. Be2 Nxd4 10. Bxd4 Be6 11. b3 a5 12. O-O Nd7 13. Bxg7 Kxg7 14. Kh1 Nc5
15. f4 f6 16. f5 Bf7 17. Qd2 Qb6 18. Rf3 Rh8 19. Rh3 g5 20. Bh5 Qc6 21. Qe2 Qe8
22. Nd5 Bxh5 23. Rxh5 Rc8 24. Rh3 Qf7 25. Re1 h5 26. Rg3 Nd7 27. h4 g4 28. Nf4
Nc5 29. a3 Rh6 30. Rc1 Kg8 31. b4 axb4 32. axb4 Nd7 33. Ne6 Nf8 34. Nd4 Rh8 35.
Rgc3 b6 36. g3 Nd7 37. Ne6 Kh7 38. Qe3 Nf8 39. Nf4 e5 40. Nd5 Nd7 41. Nxb6 Nxb6
42. Qxb6 Qc7 43. Qxc7+ Rxc7 44. c5 dxc5 45. Rxc5 Rxc5 46. bxc5 Rc8 47. Kg2 Kg7
1/2-1/2

[Event "Korcsoportos Bajnokság u10f"]
[Site "Balatonlelle"]
[Date "2015.06.23"]
[Round "8.4"]
[White "Lauber, Kolos"]
[Black "Schwarczenberger, Csongor"]
[Result "0-1"]
[WhiteElo "1472"]
[BlackElo "1552"]
[PlyCount "142"]
[EventDate "2015.06.18"]
[EventType "swiss"]
[EventRounds "9"]
[EventCountry "HUN"]
[WhiteClock "0:41:58"]
[BlackClock "1:24:55"]

1. e4 c6 2. d4 d5 3. Nc3 dxe4 4. Nxe4 Bf5 5. Nc5 Qc8 6. Nf3 Nf6 7. h3 Nbd7 8.
Nb3 h6 9. Bd3 Bxd3 10. Qxd3 e6 11. c4 c5 12. Be3 Be7 13. O-O O-O 14. Rfd1 Rd8
15. Qc2 b6 16. Qe2 Qc7 17. Rac1 Rac8 18. Qc2 Qb8 19. Nbd2 b5 20. b3 cxd4 21.
Nxd4 a6 22. Ne4 Ba3 23. Rb1 Qa8 24. Nxf6+ Nxf6 25. Qe2 bxc4 26. bxc4 Bc5 27.
Nb3 Rxd1+ 28. Rxd1 Bxe3 29. Qxe3 Rxc4 30. Qb6 Nd5 31. Qa5 Rc6 32. Nd4 Rc4 33.
Nf3 Qc8 34. Kh2 Qc7+ 35. Qxc7 Rxc7 36. Nd4 Rc4 37. Rd2 Ra4 38. Ne2 Ra3 39. Kg1
Kf8 40. Kf1 Nb4 41. Nc1 Rc3 42. Nb3 Ke7 43. Ke2 Nxa2 44. Rxa2 Rxb3 45. Rxa6 Kf6
46. Ra4 Rb5 47. Ra7 g6 48. Kf3 Rf5+ 49. Ke3 g5 50. Ra4 Re5+ 51. Kf3 Rf5+ 52.
Ke3 Kg6 53. g4 Rb5 54. Ra3 Rb1 55. Kf3 Rb4 56. Ke3 Rf4 57. Ra7 Rb4 58. Ra3 h5
59. Kf3 f5 60. gxh5+ Kxh5 61. Ra8 Re4 62. Kg2 Kg6 63. Rg8+ Kf6 64. Rf8+ Kg7 65.
Re8 Kf7 66. Rh8 Rh4 67. Rxh4 gxh4 68. f4 Ke7 69. Kf3 Kd6 70. Ke2 Kc5 71. Kd2
Kd4 0-1

[Event "Korcsoportos Bajnokság u10f"]
[Site "Balatonlelle"]
[Date "2015.06.23"]
[Round "8.5"]
[White "Kocsis, Akos"]
[Black "Gombocz, Ferenc Jr"]
[Result "0-1"]
[WhiteElo "1706"]
[BlackElo "1725"]
[PlyCount "60"]
[EventDate "2015.06.18"]
[EventType "swiss"]
[EventRounds "9"]
[EventCountry "HUN"]
[WhiteClock "0:08:45"]
[BlackClock "0:52:46"]

1. e4 e5 2. Nc3 Nf6 3. Bc4 Nxe4 4. Qh5 Nd6 5. Bb3 Be7 6. Qxe5 O-O 7. Nf3 Bf6 8.
Qf4 Re8+ 9. Ne2 b6 10. d3 Bb7 11. c3 Nc6 12. Be3 Ne5 13. Bc2 Ng6 14. Qg4 Qe7
15. O-O-O Qe6 16. Qxe6 Rxe6 17. Ned4 Re7 18. Rhe1 Rae8 19. Rd2 Bxd4 20. cxd4
Bxf3 21. gxf3 Nf5 22. Ba4 Nxd4 23. Red1 Nxf3 24. Rc2 c6 25. h3 h6 26. Bb3 Nfh4
27. a3 Nf5 28. Bd2 Re2 29. f4 Rh2 30. h4 Rxh4 0-1

[Event "Korcsoportos Bajnokság u10f"]
[Site "Balatonlelle"]
[Date "2015.06.23"]
[Round "8.6"]
[White "Pervai, Laszlo"]
[Black "Karacsonyi, Kata"]
[Result "1-0"]
[WhiteElo "1431"]
[BlackElo "1468"]
[PlyCount "97"]
[EventDate "2015.06.18"]
[EventType "swiss"]
[EventRounds "9"]
[EventCountry "HUN"]
[WhiteClock "1:28:44"]
[BlackClock "0:49:04"]

1. e4 c5 2. Nf3 d6 3. d4 cxd4 4. Nxd4 Nf6 5. Nc3 Nc6 6. Be3 Ng4 7. Qd2 Nxe3 8.
Qxe3 Bd7 9. Bc4 Qb6 10. O-O-O Qb4 11. Bb3 Rc8 12. Nd5 Qc5 13. Rd2 e6 14. Nc3
Be7 15. f4 Bf6 16. Nce2 g6 17. Qd3 e5 18. Nxc6 Rxc6 19. Ba4 Ra6 20. Bxd7+ Kxd7
21. Qb3 Ke8 22. Rhd1 Rb6 23. Qa4+ Ke7 24. Nc3 exf4 25. Nd5+ Kf8 26. Nxf6 Kg7
27. Nd7 Rb4 28. Nxc5 Rxa4 29. Nxa4 b5 30. Nc3 b4 31. Nb5 g5 32. Rxd6 g4 33. Rd8
f3 34. gxf3 gxf3 35. Rxh8 Kxh8 36. Rf1 a6 37. Nd6 f6 38. Rxf3 Kg7 39. Rg3+ Kf8
40. Nf5 h5 41. Rg7 h4 42. b3 h3 43. Kd2 a5 44. Kd3 a4 45. Kd4 a3 46. Kd5 Ke8
47. Kd6 Kf8 48. Ke6 Ke8 49. Rg8# 1-0

[Event "Korcsoportos Bajnokság u10f"]
[Site "Balatonlelle"]
[Date "2015.06.24"]
[Round "9.1"]
[White "Schwarczenberger, Csongor"]
[Black "Borhy, Marcell"]
[Result "1/2-1/2"]
[WhiteElo "1552"]
[BlackElo "1802"]
[PlyCount "72"]
[EventDate "2015.06.18"]
[EventType "swiss"]
[EventRounds "9"]
[EventCountry "HUN"]
[WhiteClock "0:18:11"]
[BlackClock "0:17:32"]

1. c4 e6 2. Nf3 d5 3. e3 Nf6 4. Nc3 Nbd7 5. b3 b6 6. Bb2 Bb7 7. Qc2 Be7 8. Be2
O-O 9. O-O c5 10. d4 cxd4 11. Nxd4 Rc8 12. Rac1 a6 13. Qb1 dxc4 14. Bxc4 Qc7
15. h3 Qb8 16. Rfd1 Ne5 17. Bf1 Ng6 18. Bd3 Qa8 19. f3 Qb8 20. Nde2 Bc5 21. Kf2
Qe5 22. Ne4 Nxe4+ 23. Bxe4 Bxe4 24. fxe4 Qg5 25. Bd4 Qe7 26. Rc2 e5 27. Bxc5
Rxc5 28. Rd5 Qf6+ 29. Kg1 Qg5 30. Rd3 Nh4 31. g3 Nf3+ 32. Kf2 f5 33. Rxc5 fxe4
34. Nf4 bxc5 35. Rd5 Qe7 36. Qxe4 Ng5 1/2-1/2

[Event "Korcsoportos Bajnokság u10f"]
[Site "Balatonlelle"]
[Date "2015.06.24"]
[Round "9.2"]
[White "Kozsik, Bende Barnabas"]
[Black "Csiki, Endre"]
[Result "1/2-1/2"]
[WhiteElo "1639"]
[BlackElo "1766"]
[PlyCount "50"]
[EventDate "2015.06.18"]
[EventType "swiss"]
[EventRounds "9"]
[EventCountry "HUN"]
[WhiteClock "0:16:28"]
[BlackClock "0:20:49"]

1. b3 e5 2. Bb2 Nc6 3. e3 d6 4. Bb5 Bd7 5. Ne2 Nf6 6. Nbc3 a6 7. Bd3 Be7 8. a3
O-O 9. h4 d5 10. Ng3 e4 11. Be2 Bd6 12. Nh5 Nxh5 13. Bxh5 Be6 14. f4 f5 15. Be2
d4 16. Na2 Be7 17. g3 Bf6 18. Qb1 Qe7 19. O-O Rad8 20. Nc1 dxe3 21. dxe3 Qc5
22. Kf2 Bxb2 23. Qxb2 Ne7 24. c4 Rd7 25. Na2 Rfd8 1/2-1/2